|
|
|
|
| LEADER |
00950nam a2200217 a 4500 |
| 001 |
26968 |
| 008 |
130513t19671962maua b 001 0 eng d |
| 010 |
|
|
|a 62008181
|
| 040 |
|
|
|a DLC
|c FO
|d OCoLC
|d ODaWU
|d DLC
|d BD-DhAAL
|
| 082 |
|
|
|a 627
|
| 245 |
0 |
0 |
|a Design of water-resource systems :
|b new techniques for relating economic objectives, engineering analysis, and governmental planning /
|c Arthur Maass...[et all]
|
| 260 |
|
|
|a Cambridge :
|b Harvard University Press,
|c c1962 [3rd printing 1967].
|
| 300 |
|
|
|a xviii, 620 p. :
|b illus. ;
|c 25 cm.
|
| 504 |
|
|
|a Includes bibliographical references and index.
|
| 541 |
1 |
|
|e 26986
|
| 650 |
|
0 |
|a Water resources development.
|
| 650 |
|
0 |
|a Hydraulic engineering.
|
| 700 |
1 |
|
|a Maass, Arthur.
|
| 852 |
1 |
|
|a Ayesha Abed Library
|j General Shelf.
|
| 999 |
|
|
|c 13446
|d 13446
|
| 952 |
|
|
|0 0
|1 0
|2 ddc
|4 0
|6 627_000000000000000_DES
|7 0
|9 22393
|a BRACUL
|b BRACUL
|c GEN
|d 2013-05-19
|e VC of BRACU
|l 0
|o 627 DES
|p 3010026968
|r 2013-05-19
|t 1
|w 2013-05-19
|y BK
|